| 000 | 00460nam a2200145Ia 4500 | ||
|---|---|---|---|
| 008 | 211109s9999||||xx |||||||||||||| ||und|| | ||
| 082 |
_a336.3 _bMIS-F |
||
| 100 | _aMisra, Baidyanath | ||
| 245 | 0 | _aFiscal Policy With Context Planning | |
| 260 |
_bGeorge Allen & Unwin(india)private Ltd _aBombay _c1966 |
||
| 300 | _a547p. | ||
| 630 | _xPOST GRADUATE REFERENCE | ||
| 650 |
_aPublic finance _v Economics Social sciencesFiscal Policy _xEconomics |
||
| 942 | _cBOOK | ||
| 999 |
_c28328 _d28328 |
||